Interactions access. (Record no. 13515)

000 -LEADER
fixed length control field 00486cam a2200193 a 4500
020 ## - INTERNATIONAL STANDARD BOOK NUMBER
ISBN 007062917X
040 ## - CATALOGING SOURCE
Transcribing agency DLC
082 00 - DEWEY DECIMAL CLASSIFICATION NUMBER
Classification number 428 MCG 1993 A023 Or.
100 1# - MAIN ENTRY--AUTHOR NAME
Personal name Thrush, Emily Austin,
245 10 - TITLE STATEMENT
Title Interactions access.
260 ## - PUBLICATION, DISTRIBUTION, ETC. (IMPRINT)
Place of publication New York :
Name of publisher McGraw-Hill,
Year of publication c1993.
300 ## - PHYSICAL DESCRIPTION
Number of Pages xi, 145 p. :
Other physical details ill. ;
Dimensions 24 cm.
650 #0 - SUBJECT ADDED ENTRY--TOPICAL TERM
Topical Term English language
650 #0 - SUBJECT ADDED ENTRY--TOPICAL TERM
Topical Term English language
650 #0 - SUBJECT ADDED ENTRY--TOPICAL TERM
Topical Term Listening.
700 1# - ADDED ENTRY--PERSONAL NAME
Personal name Baldwin, Robert,
700 1# - ADDED ENTRY--PERSONAL NAME
Personal name Blass, Laurie,
942 ## - ADDED ENTRY ELEMENTS (KOHA)
Koha item type សៀវភៅភាសាអង់គ្លេស

No items available.

មជ្ឈមណ្ឌលឯការនៃសាកលវិទ្យាល័យភូមិន្ទកសិកម្មចំការដូង

Powered by Koha